LEADER 00801nam0 2200277 450 001 9910249660303321 005 20180115104635.0 010 $a978-88-15-26405-3 100 $a20180115d2016----km y0itay50 ba 105 $a 001yy 200 1 $aDalla molecola al paziente$ela biomedicina nella società contemporanea$fStefano Crabu 210 $aBologna$cil Mulino$d2016 215 $a179 p.$d22 cm 225 1 $vPercorsi$iSociologia 610 0 $aBiotecnologia 610 0 $aBioetica 676 $a174.28$v22$zita 676 $a610.724$v22$zita 700 1$aCrabu,$bStefano$0749276 801 0$aIT$bUNINA$gREICAT$2UNIMARC 901 $aBK 912 $a9910249660303321 952 $a174.28 CRA 1$b4303$fBFS 959 $aBFS 996 $aDalla molecola al paziente$91508672 997 $aUNINA LEADER 02829nam 2200709 450 001 9910460676903321 005 20210804102930.0 010 $a1-118-50216-7 010 $a1-118-50219-1 010 $a1-118-50221-3 035 $a(CKB)3710000000441193 035 $a(EBL)2083724 035 $a(SSID)ssj0001535741 035 $a(PQKBManifestationID)11893019 035 $a(PQKBTitleCode)TC0001535741 035 $a(PQKBWorkID)11502802 035 $a(PQKB)10621761 035 $a(PQKBManifestationID)16038991 035 $a(PQKB)21602413 035 $a(MiAaPQ)EBC4035886 035 $a(MiAaPQ)EBC2083724 035 $a(DLC) 2015035318 035 $a(JP-MeL)3000065239 035 $a(Au-PeEL)EBL4035886 035 $a(CaPaEBR)ebr11110708 035 $a(CaONFJC)MIL812226 035 $a(OCoLC)915248367 035 $a(EXLCZ)993710000000441193 100 $a20151104h20152015 uy 0 101 0 $aeng 135 $aur|n|---||||| 181 $ctxt 182 $cc 183 $acr 200 00$aBiochemistry & molecular biology of plants /$fedited by Bob B. Buchanan, Wilhelm Gruissem, and Russell L. Jones ; contributors Nikolaus Amrhein [and fifty three others] 205 $aSecond edition. 210 1$aChichester, England :$cWiley Blackwell,$d2015. 210 4$d©2015 215 $a1 online resource (1283 p.) 300 $a"American Society of Plant Biologists." 311 $a0-470-71421-2 311 $a0-470-71422-0 320 $aIncludes bibliographical references and index. 327 $aMembrane structure and membranous organelles -- The cell wall -- Membrane transport -- Protein sorting and vesicle traffic -- The cytoskeleton -- Nucleic acids -- Amino acids -- Lipids -- Genome structure and organization -- Protein synthesis, folding, and degradation -- Cell division -- Photosynthesis -- Carbohydrate metabolism -- Respiration and photorespiration -- Long distance transport -- Nitrogen and sulfur -- Biosynthesis of hormones -- Signal transduction -- Molecular regulation of reproductive development -- Senescence and cell death -- Responses to plant pathogens -- Responses to abiotic stress -- Mineral nutrient acquisition, transport, and utilization -- Natural products. 606 $aQui?mica vegetal$2EMBUS 606 $aBiología molecular vegetal$2EMBUS 608 $aElectronic books. 615 07$aQui?mica vegetal 615 07$aBiología molecular vegetal 676 $a572.8/2 702 $aBuchanan$b Bob B. 702 $aGruissem$b Wilhelm 702 $aJones$b Russell L. 702 $aAmrhein$b Nikolaus 801 0$bMiAaPQ 801 1$bMiAaPQ 801 2$bMiAaPQ 801 2$bBUS 906 $aBOOK 912 $a9910460676903321 996 $aBiochemistry & molecular biology of plants$9473121 997 $aUNINA LEADER 02342nam 22005173u 450 001 9910451414703321 005 20210107033240.0 035 $a(CKB)1000000000253819 035 $a(EBL)179945 035 $a(OCoLC)475885956 035 $a(MiAaPQ)EBC179945 035 $a(EXLCZ)991000000000253819 100 $a20130418d1995|||| u|| | 101 0 $aeng 135 $aur|n|---||||| 200 10$aSocialism and Superior Brains$b[electronic resource] 210 $aHoboken $cTaylor and Francis$d1995 215 $a1 online resource (317 p.) 300 $aDescription based upon print version of record. 311 $a0-415-08281-1 327 $aBook Cover; Title; Contents; Preface; Introduction; SHAW'S FABIANISM; SHAVIAN SOCIALISM; SEXUAL EQUALITY; THE IRISH QUESTION; WAR AND PEACE; FASCISM AND SOVIETISM; CONCLUSION; Notes; Bibliography; Index 330 $aAvailable in paperback for the first time, Gareth Griffith's book provides a comprehensive critical account of the political ideas of one of the most influential commentators of the twentieth century.With close reference to a range of Shaw's texts, from the Fabian tracts to the plays, Gareth Griffith draws out the central theoretical messages of Shaw's engagement with politics. The first part of the book provides an intellectual biography, while at the same time analysing Shaw's key concerns in relation to his Fabianism, arguments for equality of income and ideas on democracy and education 606 $aPolitical plays, English 606 $aPolitics and literature 606 $aShaw, Bernard 606 $aSocial problems in literature 606 $aSocialism and literature 606 $aSocialism and literature - Great Britain - History 608 $aElectronic books. 615 4$aPolitical plays, English. 615 4$aPolitics and literature. 615 4$aShaw, Bernard. 615 4$aSocial problems in literature. 615 4$aSocialism and literature. 615 4$aSocialism and literature - Great Britain - History. 676 $a822.912 676 $a822.912092 676 $a822/.912 700 $aGriffith$b Gareth$0924386 801 0$bAU-PeEL 801 1$bAU-PeEL 801 2$bAU-PeEL 906 $aBOOK 912 $a9910451414703321 996 $aSocialism and Superior Brains$92074411 997 $aUNINA LEADER 02775nam 2200589 a 450 001 9910777550803321 005 20200520144314.0 010 $a0-8131-3750-0 010 $a1-283-32757-0 010 $a9786613327574 010 $a0-8131-7125-3 035 $a(CKB)1000000000460354 035 $a(EBL)848937 035 $a(OCoLC)65183451 035 $a(SSID)ssj0000252494 035 $a(PQKBManifestationID)11209380 035 $a(PQKBTitleCode)TC0000252494 035 $a(PQKBWorkID)10176806 035 $a(PQKB)10257099 035 $a(MdBmJHUP)muse18157 035 $a(Au-PeEL)EBL848937 035 $a(CaPaEBR)ebr10526362 035 $a(CaONFJC)MIL332757 035 $a(MiAaPQ)EBC848937 035 $a(EXLCZ)991000000000460354 100 $a19990329d2000 uy 0 101 0 $aeng 135 $aur|||||||nn|n 181 $ctxt 182 $cc 183 $acr 200 10$aStroheim$b[electronic resource] /$fArthur Lennig 210 $aLexington $cUniversity Press of Kentucky$dc2000 215 $a1 online resource (580 p.) 300 $aDescription based upon print version of record. 311 $a0-8131-2138-8 320 $aFilmography: p. 468-473. 320 $aIncludes bibliographical references and index. 327 $aCover; Title; Copyright; Contents; Fade-in; Preface; 1 Beginnings; 2 The Ascent; 3 The Artist; 4 Blind Husbands; 5 The Devil's Pass Key; 6 Foolish Wives; 7 Merry-Go-Round; 8 Greed; 9 The Merry Widow; 10 The Wedding March; 11 The Honeymoon; 12 Queen Kelly; 13 The Descent; 14 Walking down Broadway; 15 The Depths; 16 A Star in France; 17 America Again; 18 The Last Years; Filmography; Notes; Selected Bibliography; Index; Photos follow pages 142; Photos follow pages 238; Photos follow pages 334 330 $aErich von Stroheim (1885-1957) was one of the giants in American film history. Stubborn, arrogant, and colorful, he saw himself as a cinema artist, which led to conflicts with producers and studio executives who complained about the inflated budgets and extraordinary length of his films. Stroheim achieved great notoriety and success, but he was so uncompromising that he turned his triumph into failure. He was banned from ever directing again and spent his remaining years as an actor. Stroheim's life has been wreathed in myths, many of his own devising. Arthur Lennig scoured European and Ame 606 $aMotion picture producers and directors$zUnited States$vBiography 615 0$aMotion picture producers and directors 676 $a791.43/0233/092 676 $aB 700 $aLennig$b Arthur$0573701 801 0$bMiAaPQ 801 1$bMiAaPQ 801 2$bMiAaPQ 906 $aBOOK 912 $a9910777550803321 996 $aStroheim$93824266 997 $aUNINA LEADER 03111nam 22006854a 450 001 9910967738903321 005 20251001170927.0 010 $a1-383-02179-1 010 $a1-280-96502-9 010 $a0-19-151359-8 024 7 $a10.1093/oso/9780198508021.001.0001 035 $a(CKB)1000000000409467 035 $a(EBL)422398 035 $a(OCoLC)476256837 035 $a(SSID)ssj0000103053 035 $a(PQKBManifestationID)11122630 035 $a(PQKBTitleCode)TC0000103053 035 $a(PQKBWorkID)10060436 035 $a(PQKB)11594753 035 $a(Au-PeEL)EBL422398 035 $a(CaPaEBR)ebr10177932 035 $a(CaONFJC)MIL96502 035 $a(PPN)181482355 035 $a(MiAaPQ)EBC422398 035 $a(OCoLC)1406781411 035 $a(StDuBDS)9781383021790 035 $a(OCoLC)61761659 035 $a(FINmELB)ELB161991 035 $a(EXLCZ)991000000000409467 100 $a20051001d2006 uy 0 101 0 $aeng 135 $aur|n|---||||| 181 $ctxt 182 $cc 183 $acr 200 10$aAnalytical mechanics $ean introduction /$fAntonio Fasano, Stefano Marmi ; translated by Beatrice Pelloni 205 $a1st ed. 210 $aOxford ;$aNew York $cOxford University Press$dc2006 215 $a1 online resource (788 p.) 225 1 $aOxford graduate texts 300 $aSeries statement from jacket. 311 08$a0-19-967385-3 311 08$a0-19-850802-6 320 $aIncludes bibliographical references (p. [749]-758) and index. 327 $aContents; 1 Geometric and kinematic foundations of Lagrangian mechanics; 2 Dynamics: general laws and the dynamics of a point particle; 3 One-dimensional motion; 4 The dynamics of discrete systems. Lagrangian formalism; 5 Motion in a central field; 6 Rigid bodies: geometry and kinematics; 7 The mechanics of rigid bodies: dynamics; 8 Analytical mechanics: Hamiltonian formalism; 9 Analytical mechanics: variational principles; 10 Analytical mechanics: canonical formalism; 11 Analytic mechanics: Hamilton-Jacobi theory and integrability; 12 Analytical mechanics: canonical perturbation theory 327 $a13 Analytical mechanics: an introduction to ergodic theory and to chaotic motion14 Statistical mechanics: kinetic theory; 15 Statistical mechanics: Gibbs sets; 16 Lagrangian formalism in continuum mechanics; Appendices; Bibliography; Index 330 8 $aIs the solar system stable? Is there a unifying 'economy' principle in mechanics? How can a pointmass be described as a 'wave'? This book offers students an understanding of the relevant results of the theory of analytical mechanics, including plenty of examples, exercises, and solved problems. 410 0$aOxford graduate texts. 606 $aMechanics, Analytic 615 0$aMechanics, Analytic. 676 $a531.01/515 700 $aFasano$b A$g(Antonio)$040516 701 $aMarmi$b S$g(Stefano),$f1963-$042049 801 0$bMiAaPQ 801 1$bMiAaPQ 801 2$bMiAaPQ 906 $aBOOK 912 $a9910967738903321 996 $aAnalytical mechanics$91418763 997 $aUNINA LEADER 06476nam 22011055 450 001 9910345975503321 005 20251101110042.0 010 $a3-486-98961-8 010 $a3-486-71931-9 024 7 $a10.1524/9783486719314 035 $a(CKB)3710000000229158 035 $a(EBL)1575433 035 $a(SSID)ssj0001432487 035 $a(PQKBManifestationID)11845912 035 $a(PQKBTitleCode)TC0001432487 035 $a(PQKBWorkID)11406302 035 $a(PQKB)10259400 035 $a(MiAaPQ)EBC1575433 035 $a(DE-B1597)234303 035 $a(OCoLC)1013955254 035 $a(OCoLC)922639854 035 $a(DE-B1597)9783486719314 035 $a(oapen)https://directory.doabooks.org/handle/20.500.12854/41564 035 $a(Perlego)1137487 035 $a(oapen)doab41564 035 $a(ODN)ODN0002466845 035 $a(EXLCZ)993710000000229158 100 $a20190723d2014 fg 101 0 $ager 135 $aur|n|---||||| 181 $ctxt 182 $cc 183 $acr 200 10$aAuf der Suche nach einem "anderen Deutschland" $eDas Verhältnis Frankreichs zur DDR im Spannungsfeld von Perzeption und Diplomatie /$fChristian Wenkel 205 $a1st ed. 210 $cDe Gruyter$d2014 210 1$aMünchen ;$aWien :$cDe Gruyter Oldenbourg,$d[2014] 210 4$d©2014 215 $a1 online resource (576 p.) 225 1 $aStudien zur Zeitgeschichte ;$v86 300 $aDescription based upon print version of record. 311 08$a3-486-98937-5 311 08$a3-486-70312-9 320 $aIncludes bibliographical references and index. 327 $tFrontmatter --$tInhalt --$tGeleitwort /$rMöller, Horst / Vaïsse, Maurice --$tDank /$rWenkel, Christian --$tEinleitung --$tErster Teil Perzeption und Interesse, Kontakte und Engagement: Grundlagen für die Geschichte der Beziehungen Frankreichs zur DDR --$tI. Die französische Konzeption eines "anderen Deutschlands" und die Perzeption der DDR --$tII. Das zentrale Netzwerk - die Échanges franco-allemands --$tIII. Die DDR als Projektionsfläche politischer Utopien --$tZweiter Teil Die Beziehungen im Spannungsfeld von Vorstellung und Wirklichkeit --$tA. Die Wirtschafts- und Handelsbeziehungen --$tI. 1952-1967: Von den Handelsbeziehungen als Diplomatieersatz zu wirtschaftlicher Kooperation --$tII. 1968-1975: Die westdeutsche Konkurrenz als zentrale Herausforderung für die französische Industrie auf dem ostdeutschen Markt --$tEpilog: Die Wirtschaftsbeziehungen in den 1980er Jahren --$tB. Die Kulturbeziehungen --$tI. 1954-1960: Von den Anfängen der Kulturbeziehungen bis zur Berlin-Krise --$tII. 1963-1980: Die Entwicklung kultureller Beziehungen zwischen privatgesellschaftlichen Initiativen und der Kontrolle durch das Außenministerium --$tEpilog: Die Kulturbeziehungen in den 1980er Jahren --$tC. Die Beziehungen auf politischer Ebene --$tI. Beziehungen auf parlamentarischer Ebene --$tII. Der Prozess der Anerkennung der DDR durch Frankreich --$tIII. Die europäische Dimension der französisch- ostdeutschen Beziehungen --$tEin chronologisches Fazit --$tAbkürzungsverzeichnis --$tTabellenverzeichnis --$tQuellen- und Literaturverzeichnis --$tRegister --$tSachregister 330 $aDas "andere Deutschland" ist in Frankreich Mythos und Konzept in einem. Es ist der Versuch einer philosophischen Trennung zwischen der Kulturnation und dem gefürchteten militärischen Gegner. Die deutsche Teilung von 1949 schuf erstmalig eine geografisch-politische Entsprechung zur tief im kollektiven französischen Bewusstsein verankerten Theorie der "deux Allemagne", der die Idee des "anderen Deutschlands" entlehnt ist. Und der zweite deutsche Staat, die DDR, von der man in Frankreich lange Zeit außer dem Theater Brechts nicht viel kannte, bot eine ideale Projektionsfläche für Vorstellungen von einem besseren Deutschland. Die Suche nach dem "anderen Deutschland" erhielt damit ein scheinbar reales Ziel für nicht wenige germanophile Franzosen, die zahlreiche Kontakte zu wirtschaftlichen, kulturellen und politischen Eliten in der DDR pflegten.Christian Wenkel beschäftigt sich mit der Frage, warum gerade Frankreich derart intensive Beziehungen zur DDR unterhielt und ob es ein spezifisch französisches Interesse für die DDR gab. Auf breiter Quellenbasis erläutert er nicht nur grundlegende Besonderheiten der französisch-ostdeutschen Beziehungen, sondern auch die Genese und Entwicklung von Kontakten auf wirtschaftlicher, kultureller, parlamentarischer und politischer Ebene. 410 0$aStudien zur Zeitgeschichte (Institut fu?r Zeitgeschichte (Munich, Germany)) ;$vBd. 86. 606 $aAußenpolitik 606 $aCold War 606 $aDDR 606 $aDeutsch-französische Beziehungen 606 $aEast Germany 606 $aForeign policy 606 $aFrance 606 $aFrankreich 606 $aGeschichte der Internationalen Beziehungen 606 $aKalter Krieg 606 $adiplomatic history 606 $ainternational relations 606 $aHISTORY / General$2bisacsh 607 $aGermany (East)$xForeign relations$zFrance 607 $aFrance$xForeign relations$zGermany (East)$xHistory 607 $aGermany (East)$xRelations$zFrance$xHistory 607 $aFrance$xRelations$zGermany (East)$xHistory 610 $aCold War. 610 $aEast Germany. 610 $aForeign policy. 610 $aFrance. 610 $adiplomatic history. 610 $ainternational relations. 615 4$aAußenpolitik. 615 4$aCold War. 615 4$aDDR. 615 4$aDeutsch-französische Beziehungen. 615 4$aEast Germany. 615 4$aForeign policy. 615 4$aFrance. 615 4$aFrankreich. 615 4$aGeschichte der Internationalen Beziehungen. 615 4$aKalter Krieg. 615 4$adiplomatic history. 615 4$ainternational relations. 615 7$aHISTORY / General. 676 $a327.43104409045 686 $aML 4500$2rvk 700 $aWenkel$b Christian$0921852 702 $aWenkel$b Christian$4ctb$4https://id.loc.gov/vocabulary/relators/ctb 702 $aMo?ller$b Horst$4ctb$4https://id.loc.gov/vocabulary/relators/ctb 702 $aVai?sse$b Maurice$4ctb$4https://id.loc.gov/vocabulary/relators/ctb 801 0$bDE-B1597 801 1$bDE-B1597 906 $aBOOK 912 $a9910345975503321 996 $aAuf der Suche nach einem "anderen Deutschland"$92068346 997 $aUNINA LEADER 03950oam 2200985 c 450 001 9910315233603321 005 20260302090207.0 010 $a9783839413746 010 $a3839413745 024 7 $a10.14361/transcript.9783839413746 035 $a(CKB)3460000000132727 035 $a(EBL)1914645 035 $a(SSID)ssj0001345239 035 $a(PQKBManifestationID)11949937 035 $a(PQKBTitleCode)TC0001345239 035 $a(PQKBWorkID)11328753 035 $a(PQKB)11584594 035 $a(MiAaPQ)EBC1914645 035 $a(DE-B1597)395995 035 $a(OCoLC)885020733 035 $a(OCoLC)892891746 035 $a(DE-B1597)9783839413746 035 $a(MiAaPQ)EBC6695182 035 $a(Au-PeEL)EBL6695182 035 $a(OCoLC)1042087543 035 $a(ScCtBLL)2ce10bd0-8ba5-41bc-82e6-c117bbea00a2 035 $a(transcript Verlag)9783839413746 035 $a(oapen)https://directory.doabooks.org/handle/20.500.12854/32792 035 $a(Perlego)1796859 035 $a(oapen)doab32792 035 $a(EXLCZ)993460000000132727 100 $a20260302h20142010 uy 0 101 0 $aeng 135 $aur|n|---||||| 181 $ctxt 182 $cc 183 $acr 200 10$aCreative Networks and the City$eTowards a Cultural Political Economy of Aesthetic Production$fBas van Heur 205 $a1st ed. 210 $aBielefeld$ctranscript Verlag$d2014 210 $d2014, c2010 215 $a1 online resource (233 p.) 225 0 $aUrbane Welten - Texte zur kulturwissenschaftlichen Stadtforschung$v3 300 $aDescription based upon print version of record. 311 08$a9783837613742 311 08$a3837613747 320 $aIncludes bibliographical references. 327 $a1 CONTENTS 5 ACKNOWLEDGMENTS 9 1. INTRODUCTION 11 2. CULTURAL POLITICAL ECONOMY AND EMPIRICAL RESEARCH 27 3. ACCUMULATION, REGULATION, NETWORKS 65 4. LOCATION 99 5. COMMUNICATION 123 6. LABOR 169 7. CONCLUDING COMMENTS 191 REFERENCES 201 330 $aThis book offers a fundamental contribution to the literature on the creative industries and the knowledge-based economy by focusing on three aspects: urban spaces as key sites of capitalist restructuring, creative industries' policies as state technologies aimed at economic exploitation, and the role of networks of aesthetic production in inflecting these tendencies. It simultaneously goes beyond these debates by integrating a concern with the cultural and aesthetic dimensions of the creative industries. As such, the book is relevant to researchers interested in the transdisciplinary project of a cultural political economy of creativity and urban change. 410 0$aCityscapes, texts in cultural urban studies. 517 2 $avan Heur, Creative Networks$eTowards a Cultural Political Economy of Aesthetic Production 606 $aUrban 606 $aCity 606 $aPolicy 606 $aEconomy 606 $aCulture 606 $aCreativity 606 $aUrbanity 606 $aUrban Studies 606 $aCultural Industry 606 $aCultural Geography 606 $aCultural Studies 606 $aSociology 615 4$aUrban 615 4$aCity 615 4$aPolicy 615 4$aEconomy 615 4$aCulture 615 4$aCreativity 615 4$aUrbanity 615 4$aUrban Studies 615 4$aCultural Industry 615 4$aCultural Geography 615 4$aCultural Studies 615 4$aSociology 676 $a338.47306091732 700 $avan Heur$b Bas$p

Bas van Heur, Maastricht University, Niederlande

$4aut$0329542 712 02$aKnowledge Unlatched - KU Select 2018: Backlist Collection$4fnd$4http://id.loc.gov/vocabulary/relators/fnd 801 0$bMiAaPQ 801 1$bMiAaPQ 801 2$bMiAaPQ 906 $aBOOK 912 $a9910315233603321 996 $aCreative networks and the city$92835411 997 $aUNINA